Laboratory management : quality in laboratory diagnosis
| Main Author: | Kinkus, Candis A |
|---|---|
| Published: |
New York:
Demos Medical,
2012.
|
| Subjects: |
| LEADER | 00512cam a2200157 7i4500 | ||
|---|---|---|---|
| 001 | 0000052105 | ||
| 005 | 20200616090000.0 | ||
| 020 | |a 9781936287451 (pbk.) | ||
| 090 | 0 | 0 | |a RB37 |b .K56 2012 |
| 100 | 1 | |a Kinkus, Candis A | |
| 245 | 1 | 0 | |a Laboratory management : |b quality in laboratory diagnosis |c Candis A. Kinkus. |
| 260 | |a New York: |b Demos Medical, |c 2012. | ||
| 300 | |a xv, 103 p.; |c 21 cm. | ||
| 650 | 0 | 0 | |a Diagnosis, Laboratory |
| 997 | |a Health Sciences, Faculty | ||
| 999 | |a 0000064296 |b BOK |c OPEN SHELF |e 1st Floor, Shah Alam | ||


